"Szöged hírős város..." - Könyv a szabadtériről
Elmentve itt :
| Szerző: | |
|---|---|
| Dokumentumtípus: | Cikk |
| Megjelent: |
1969-08-03
|
| Sorozat: | Délmagyarország
59 No. 178 |
| Kulcsszavak: | Szabadtéri Játékok 1969-1973, Szegedi Szabadtéri Játékok könyvismertetés |
| Online Access: | http://dmarchiv.bibl.u-szeged.hu/78302 |
| LEADER | 00544nab a2200157 i 4500 | ||
|---|---|---|---|
| 001 | delm78302 | ||
| 005 | 20180928084313.0 | ||
| 008 | 180928s1969 hu o 0|| hun d | ||
| 040 | |a SZTE Délmagyarország Archívum |b hun | ||
| 041 | |a hun | ||
| 100 | 1 | |a Ökrös László | |
| 245 | 1 | 0 | |a "Szöged hírős város..." - Könyv a szabadtériről |h [elektronikus dokumentum] / |c Ökrös László |
| 260 | |c 1969-08-03 | ||
| 300 | |a 4 | ||
| 490 | 0 | |a Délmagyarország |v 59 No. 178 | |
| 695 | |a Szabadtéri Játékok 1969-1973, Szegedi Szabadtéri Játékok könyvismertetés | ||